Find the Pink Things (Blitz) Quiz Stats

 Plays Quiz Updated Apr 6, 2018

Score 0/20 Timer 01:00
19 Plays Today
% Correct
Flamingo
94.2%
Eraser
94.2%
Donut
94.1%
Pink Panther
94%
Breast
Cancer
Ribbon
94%
Strawberry
Ice Cream
93.8%
Cotton Candy
93.7%
T-Mobile Logo
93.6%
Rosé
Wine
93.4%
Shrimp
93.3%
% Correct
Cadillac
93.1%
Pig
93.1%
Cherry Blossom
93%
Rhubarb
90.8%
Patrick Star
90.8%
Macaron
90.6%
Kirby
79.6%
Dahlia
79%
Slowpoke
75.6%
Axolotl
73.1%

You're not logged in!

Compare scores with friends on all Sporcle quizzes.
OR
Log In

You Might Also Like...

Show Comments

Extras

Top Quizzes Today


Score Distribution

Your Account Isn't Verified!

In order to create a playlist on Sporcle, you need to verify the email address you used during registration. Go to your Sporcle Settings to finish the process.

Report this User

Report this user for behavior that violates our Community Guidelines.

Details: